[Event "Nordic-chT Scholastic 2019"]
[Site "Stockholm"]
[Date "2019.09.06"]
[Round "1.1"]
[White "Bergan, Gaute"]
[Black "Aalto, Patrik"]
[Result "0-1"]
[WhiteElo "1862"]
[BlackElo "2104"]
[Annotator "NA"]
[PlyCount "150"]
[EventDate "2019.09.05"]
[EventType "team-tourn"]
[EventCountry "SWE"]
[SourceTitle "playchess.com"]
[Source "ChessBase"]
[SourceQuality "1"]
[TimeControl "5400+30"]

1. b3 {[%emt 0:00:00]} e5 {[%emt 0:01:24]} 2. e3 {[%emt 0:00:35]} d5 {[%emt 0:00:29]} 3. Bb2 {[%emt 0:00:07]} Bd6 {[%emt 0:01:00]} 4. c4 {[%emt 0:07:15]} c6 {[%emt 0:15:55]} 5. Nf3 {[%emt 0:05:27]} f6 {[%emt 0:23:44]} 6. Nc3 {[%emt 0:12:44] A01: Nimzowitsch-Larsen Opening} Ne7 {[%emt 0:01:48]} 7. Be2 {[%emt 0:04:57]} O-O {[%emt 0:03:46]} 8. d3 $146 {[%emt 0:22:17]} ({Predecessor:} 8. cxd5 cxd5 9. Nb5 Nbc6 10. Nxd6 Qxd6 11. O-O Bg4 12. h3 {½-½ (89) Punzon Moraleda,J (2486)-Sivic,K (2338) ICCF email 2012}) 8... Be6 {[%emt 0:09:30]} 9. O-O {[%emt 0:01:08]} a6 {[%emt 0:08:55]} 10. Rc1 {[%emt 0:10:11]} Nd7 {[%emt 0:05:09]} 11. cxd5 {[%emt 0:03:17]} cxd5 {[%emt 0:01:37]} 12. a3 {[%emt 0:02:27]} b5 {[%emt 0:02:09]} 13. b4 {[%emt 0:02:50]} Nb6 {[%emt 0:01:38]} 14. Nd2 {[%emt 0:02:42]} Qe8 {[%emt 0:06:50]} 15. Bh5 {[%emt 0:04:27]} g6 {[%emt 0:02:04]} 16. Be2 {[%emt 0:00:18]} a5 {[%emt 0:02:56]} 17. bxa5 {[%emt 0:07:41]} Rxa5 {[%emt 0:00:07]} 18. Ra1 {[%emt 0:00:15]} Qd7 {[%emt 0:07:01]} 19. Qc1 {[%emt 0:05:54]} Rc8 {[%emt 0:00:47]} 20. Nb3 {[%emt 0:01:01]} Ra7 {[%emt 0:00:31]} 21. d4 {[%emt 0:00:28]} Nc4 {[%emt 0:00:42]} 22. Bxc4 {[%emt 0:02:27]} ({White should play} 22. dxe5 $15 fxe5 23. Nd2) 22... bxc4 {[%emt 0:01:38]} 23. Nd2 {[%emt 0:00:30]} Rb8 {[%emt 0:01:02]} 24. a4 {[%emt 0:00:41]} (24. dxe5 $15 Bxe5 25. a4) 24... exd4 {[%emt 0:00:42]} 25. exd4 {[%emt 0:00:06]} Bb4 {[%emt 0:00:29]} 26. Nb5 {[%emt 0:01:07]} Ra6 {[%emt 0:00:23]} 27. Bc3 {[%emt 0:00:29]} Nc6 {[%emt 0:00:22]} 28. Qb2 {[%emt 0:00:51]} Bf8 {[%emt 0:00:27]} 29. Rfe1 {[%emt 0:00:54]} Na7 {[%emt 0:00:41]} 30. Bb4 {[%emt 0:01:08]} Nxb5 {[%emt 0:00:42]} 31. Bxf8 {[%emt 0:00:21]} c3 {[%emt 0:00:28]} 32. Qb4 $19 {[%emt 0:00:43]} cxd2 {[%emt 0:00:18]} 33. Reb1 {[%emt 0:00:14]} Rxf8 {[%emt 0:00:19]} 34. axb5 {[%emt 0:00:17]} Rxa1 {[%emt 0:00:12]} 35. Rxa1 {[%emt 0:00:02]} Rc8 {[%emt 0:01:06]} 36. Qxd2 {[%emt 0:00:45]} Qxb5 {[%emt 0:00:02]} 37. h3 {[%emt 0:00:10]} Qd7 {[%emt 0:00:46]} 38. Qf4 {[%emt 0:00:22]} Kg7 {[%emt 0:00:39]} 39. h4 {[%emt 0:00:26]} Qc7 {[%emt 0:00:38]} 40. Qe3 {[%emt 0:00:17]} Bf7 {[%emt 0:00:28]} 41. Qf3 {[%emt 0:00:57]} Qc3 {[%emt 0:00:24]} 42. Qd1 {[%emt 0:00:08]} Rc4 {[%emt 0:00:31]} 43. h5 {[%emt 0:00:52]} Rxd4 {[%emt 0:00:33]} 44. Qb1 {[%emt 0:00:16]} Rb4 {[%emt 0:00:31]} 45. Qd1 {[%emt 0:00:16]} d4 {[%emt 0:00:31]} 46. Ra7 {[%emt 0:00:21]} Qb3 {[%emt 0:00:33]} 47. h6+ {[%emt 0:00:16]} Kxh6 {[%emt 0:00:27]} 48. Qg4 {[%emt 0:00:39]} d3 {[%emt 0:00:34]} 49. Qh3+ {[%emt 0:00:25]} Kg7 {[%emt 0:00:06]} 50. Rd7 {[%emt 0:01:01]} Qd1+ {[%emt 0:00:21]} 51. Kh2 {[%emt 0:00:13]} Qh5 {[%emt 0:00:57]} 52. Qxh5 {[%emt 0:00:13]} gxh5 {[%emt 0:00:05]} 53. Rxd3 {[%emt 0:00:06]} Rh4+ {[%emt 0:00:25]} 54. Kg1 {[%emt 0:00:51]} Rg4 {[%emt 0:00:11]} 55. Rd7 {[%emt 0:00:13]} Kg6 {[%emt 0:00:20]} 56. Kh2 {[%emt 0:00:50]} Ra4 {[%emt 0:00:25]} 57. Kg3 {[%emt 0:00:22]} Ra3+ {[%emt 0:00:18]} 58. Kh4 {[%emt 0:01:08]} Be6 {[%emt 0:01:03]} 59. Re7 {[%emt 0:00:15]} Ra4+ {[%emt 0:00:35]} 60. Kg3 {[%emt 0:00:10]} Bd5 {[%emt 0:00:44]} 61. Rd7 {[%emt 0:00:49]} Rg4+ {[%emt 0:00:20]} 62. Kh3 {[%emt 0:00:21]} Bxg2+ {[%emt 0:00:05]} 63. Kh2 {[%emt 0:00:05]} Be4 {[%emt 0:00:39]} 64. Rd4 {[%emt 0:00:40]} Bb7 {[%emt 0:00:31]} 65. Rd2 {[%emt 0:00:28]} Rf4 {[%emt 0:00:46]} 66. Rb2 {[%emt 0:00:32]} Be4 {[%emt 0:00:43]} 67. Kg3 {[%emt 0:00:15]} Rf3+ {[%emt 0:00:16]} 68. Kh2 {[%emt 0:00:42]} Rc3 {[%emt 0:00:36]} 69. Re2 {[%emt 0:00:32]} f5 {[%emt 0:00:25]} 70. Rd2 {[%emt 0:00:38]} Rc2 {[%emt 0:00:14]} 71. Rd6+ {[%emt 0:00:04]} Kg5 {[%emt 0:00:12]} 72. Kg3 {[%emt 0:00:05]} h4+ {[%emt 0:00:07]} 73. Kh3 {[%emt 0:00:05]} Rxf2 {[%emt 0:00:35]} 74. Rg6+ {[%emt 0:00:33]} Kxg6 {[%emt 0:00:06]} 75. Kxh4 {[%emt 0:00:07]} Rg2 {[%emt 0:00:31]} 0-1

[Event "Nordic-chT Scholastic 2019"]
[Site "Stockholm"]
[Date "2019.09.06"]
[Round "1.2"]
[White "Lehtinen, Justus"]
[Black "Johansen, Mikkel Li"]
[Result "1-0"]
[WhiteElo "1485"]
[BlackElo "1489"]
[Annotator "NA RC"]
[PlyCount "63"]
[EventDate "2019.09.05"]
[EventType "team-tourn"]
[EventCountry "SWE"]
[SourceTitle "playchess.com"]
[Source "ChessBase"]
[SourceQuality "1"]
[TimeControl "5400+30"]

1. e4 {[%emt 0:00:00]} c5 {[%emt 0:00:00]} 2. Nf3 {[%emt 0:00:00]} d6 {[%emt 0:00:11]} 3. d4 {[%emt 0:00:14]} cxd4 {[%emt 0:00:10]} 4. Nxd4 {[%emt 0:00:08]} Nc6 {[%emt 0:00:06]} 5. Nc3 {[%emt 0:00:59]} Nf6 {[%emt 0:00:48]} 6. Bc4 {[%emt 0:02:04]} e6 {[%emt 0:00:46]} 7. O-O {[%emt 0:01:11]} Be7 {[%emt 0:02:58]} 8. Re1 {[%emt 0:03:10]} O-O {[%emt 0:00:36]} 9. Bg5 {[%emt 0:02:52]} h6 {[%emt 0:00:41]} 10. Bh4 {[%emt 0:00:46]} Nd7 {[%emt 0:00:22]} 11. Bxe7 {[%emt 0:01:35]} Qxe7 12. Ndb5 {[%emt 0:02:20]} Nde5 {[%emt 0:02:08]} 13. Nxd6 {[%emt 0:07:18]} Rd8 {[%emt 0:00:31]} 14. Nxc8 {[%emt 0:00:35]} Raxc8 {[%emt 0:00:17]} 15. Bd3 {[%emt 0:01:34]} Nb4 {[%emt 0:00:25]} 16. Re3 {[%emt 0:04:57]} Nc4 {[%emt 0:00:42]} 17. Rg3 {[%emt 0:02:11]} Nxb2 {[%emt 0:00:38]} 18. Qg4 {[%emt 0:02:33]} g6 {[%emt 0:00:46]} 19. Bf1 {[%emt 0:01:58]} Rd2 {[%emt 0:02:29]} 20. e5 {[%emt 0:03:39]} Rxc2 {[%emt 0:01:21]} 21. Ne4 {[%emt 0:01:17]} N4d3 {[%emt 0:04:09]} 22. Bxd3 {[%emt 0:02:50]} Nxd3 {[%emt 0:00:13]} 23. Rxd3 {[%emt 0:00:24]} f5 {[%emt 0:04:37]} 24. Qxg6+ {[%emt 0:02:05]} Kh8 {[%emt 0:01:24]} 25. Qxh6+ {[%emt 0:01:21]} Qh7 {[%emt 0:01:06]} 26. Qf6+ {[%emt 0:04:04]} Qg7 {[%emt 0:00:51]} 27. Rd8+ {[%emt 0:01:49]} Kh7 {[%emt 0:00:47]} 28. Ng5+ {[%emt 0:01:22]} Qxg5 {[%emt 0:01:23]} 29. Qxg5 {[%emt 0:00:15]} R8c3 {[%emt 0:00:32]} 30. Qh5+ {[%emt 0:00:50]} Kg7 {[%emt 0:00:10]} 31. Rd7+ {[%emt 0:00:23]} Kg8 {[%emt 0:00:20]} 32. Qh7+ {[%emt 0:00:14]} 1-0

[Event "Nordic-chT Scholastic 2019"]
[Site "Stockholm"]
[Date "2019.09.06"]
[Round "1.3"]
[White "Lazareva, Emilie"]
[Black "Aurela, Valtteri"]
[Result "1-0"]
[WhiteElo "1319"]
[BlackElo "1467"]
[Annotator "NA RC"]
[PlyCount "61"]
[EventDate "2019.09.05"]
[EventType "team-tourn"]
[EventCountry "SWE"]
[SourceTitle "playchess.com"]
[Source "ChessBase"]
[SourceQuality "1"]
[TimeControl "5400+30"]

1. e4 {[%emt 0:00:00]} e6 {[%emt 0:00:00]} 2. d4 {[%emt 0:00:00]} d5 {[%emt 0:00:19]} 3. e5 {[%emt 0:01:45]} c5 {[%emt 0:01:38]} 4. c3 {[%emt 0:00:11]} cxd4 {[%emt 0:01:50]} 5. cxd4 {[%emt 0:01:15]} Bb4+ {[%emt 0:02:00]} 6. Nc3 {[%emt 0:02:08]} Ne7 {[%emt 0:02:00]} 7. Nf3 {[%emt 0:04:23]} O-O {[%emt 0:01:54]} 8. Be2 {[%emt 0:02:46]} h6 {[%emt 0:04:09]} 9. O-O {[%emt 0:00:41]} Bd7 {[%emt 0:03:03]} 10. a3 {[%emt 0:02:20]} Bxc3 {[%emt 0:02:15]} 11. bxc3 {[%emt 0:00:25]} b5 {[%emt 0:01:46]} 12. Re1 {[%emt 0:05:28]} Nf5 {[%emt 0:03:40]} 13. Bd2 {[%emt 0:05:17]} Nc6 {[%emt 0:02:29]} 14. Bxb5 {[%emt 0:05:23]} Ncxd4 15. Nxd4 {[%emt 0:00:27]} Nxd4 {[%emt 0:05:28]} 16. Bxd7 {[%emt 0:00:28]} Qxd7 {[%emt 0:01:56]} 17. cxd4 {[%emt 0:00:19]} Rab8 {[%emt 0:02:11]} 18. Qg4 {[%emt 0:03:45]} g5 {[%emt 0:02:22]} 19. Bxg5 {[%emt 0:00:52]} hxg5 {[%emt 0:01:13]} 20. Qxg5+ {[%emt 0:00:13]} Kh8 {[%emt 0:04:46]} 21. Re3 {[%emt 0:00:20]} f6 {[%emt 0:01:05]} 22. Rh3+ {[%emt 0:00:13]} Qh7 {[%emt 0:00:26]} 23. Rxh7+ {[%emt 0:00:10]} Kxh7 {[%emt 0:00:18]} 24. exf6 {[%emt 0:01:07]} Rf7 {[%emt 0:00:52]} 25. Re1 {[%emt 0:01:04]} Rb3 {[%emt 0:00:36]} 26. h3 {[%emt 0:01:58]} Rxa3 {[%emt 0:00:28]} 27. Rxe6 {[%emt 0:01:02]} Rc3 {[%emt 0:03:05]} 28. Qh5+ {[%emt 0:00:23]} Kg8 {[%emt 0:00:21]} 29. Re8+ {[%emt 0:00:08]} Rf8 {[%emt 0:00:30]} 30. Qg6+ {[%emt 0:00:10]} Kh8 {[%emt 0:00:46]} 31. Qg7# 1-0

[Event "Nordic-chT Scholastic 2019"]
[Site "Stockholm"]
[Date "2019.09.06"]
[Round "1.5"]
[White "Skovgaard, Andreas"]
[Black "Stefansson, Vignir Vatnar"]
[Result "0-1"]
[WhiteElo "1976"]
[BlackElo "2316"]
[Annotator "TA"]
[PlyCount "60"]
[EventDate "2019.09.05"]
[EventType "team-tourn"]
[EventCountry "SWE"]
[SourceTitle "playchess.com"]
[Source "ChessBase"]
[SourceQuality "1"]

{[%evp 13,60,27,23,-12,-12,-12,-12,-15,-22,-2,-20,-19,-25,-97,-89,-410,-418,-803,-467,-459,-443,-451,-449,-1147,-1177,-1138,-953,-1733,-1483,-1637,-1520,-1590,-1486,-1757,-1754,-1589,-1552,-1992,-1908,-5740,-4046,-29983,-29979,-29988,-29989,-29989,-29990,-29993,-3226]} 1. d4 Nf6 2. Nf3 e6 3. c4 c5 4. d5 b5 5. Bg5 exd5 6. cxd5 h6 7. Bxf6 Qxf6 8. e4 {E10: Blumenfeld Gambit} Qxb2 9. Nbd2 c4 {aiming for ...Na6.} 10. Rb1 {The position is equal.} Qxa2 {Hoping for ...Qa5.} 11. Rxb5 c3 {And now ...c2 would win.} 12. Nc4 a5 $36 {[%mdl 2048] Black is pushing.} 13. Nd4 $146 {[#]} (13. Bd3 $11 {remains equal.} c2 14. Qxc2 Qxc2 15. Bxc2) ({Predecessor:} 13. d6 Nc6 14. Bd3 Ba6 15. Rc5 c2 16. Qxc2 Bxc4 17. Rxc4 Qxc2 18. Bxc2 Bxd6 {½-½ (26) Gelfand,B (2741)-Vallejo Pons,F (2703) Leon 2010}) 13... Ba6 $1 $17 {[%cal Ra6b5]} 14. d6 $2 {[%mdl 8192]} (14. Qb1 $17 Qxb1+ 15. Rxb1) 14... Nc6 $19 {[%cal Bb8c6,Bc6d4,Bd4e2][%mdl 32]} 15. Nb6 (15. Rb3 $142 c2 {[%mdl 64] Deflection} 16. Qxc2 Qa1+ {[%mdl 64] Double Attack} 17. Qd1 Qxd4 18. Qxd4 Nxd4 19. Rb6) 15... Bxb5 16. Bxb5 {[#]} Nxd4 $1 {[%mdl 512]} 17. Bxd7+ (17. Qxd4 Qb1+) 17... Kd8 {Threatens to win with ...c2.} 18. O-O (18. Qxd4 $142 Qd2+ 19. Qxd2 cxd2+ 20. Kxd2) 18... Ne2+ 19. Kh1 Rb8 20. Na4 Kxd7 21. e5 Qd2 22. Nc5+ Kc6 {...Qxd1 is the strong threat.} 23. Qa4+ Kxc5 24. Qxa5+ Rb5 25. Qc7+ Kd4 26. f4 {[#]} Bxd6 $1 27. Qxd6+ Ke4 {Black mates.} 28. Qc7 Rb2 29. Qc6+ Qd5 30. Qa4+ Nd4 (30... Kf5 $142 31. Qd7+ Qxd7 32. h3 Ng3+ {[%mdl 64] Double Attack} 33. Kh2 Nxf1+ 34. Kg1 Qd5 35. g4+ Kxf4 36. Kxf1 Qh1#) 0-1

[Event "Nordic-chT Scholastic 2019"]
[Site "Stockholm"]
[Date "2019.09.06"]
[Round "1.6"]
[White "Briem, Stephan"]
[Black "Skovgaard, Emil"]
[Result "1/2-1/2"]
[WhiteElo "2204"]
[BlackElo "1729"]
[Annotator "TA"]
[PlyCount "91"]
[EventDate "2019.09.05"]
[EventType "team-tourn"]
[EventCountry "SWE"]
[SourceTitle "playchess.com"]
[Source "ChessBase"]
[SourceQuality "1"]

{[%evp 12,91,13,-10,-10,-14,-14,-20,-20,-20,-12,-30,-15,-17,5,0,0,0,0,-25,19,27,16,25,17,18,32,33,31,30,49,44,60,60,58,58,60,59,62,53,56,52,50,35,39,20,33,22,30,0,35,0,35,0,0,0,0,0,6,6,6,6,14,14,14,6,22,22,33,14,14,14,22,22,22,22,22,8,8,8,8,0]} 1. d4 d5 2. Nf3 Nf6 3. e3 e6 4. Bd3 Nbd7 5. O-O Bd6 6. Nbd2 O-O 7. b3 e5 {D05: Colle System with ...e6} 8. dxe5 Nxe5 9. Bb2 Nxd3 10. cxd3 Re8 11. Qc2 Bf5 12. Rfe1 $1 c6 $146 ({Predecessor:} 12... Nd7 13. e4 dxe4 14. dxe4 Bg6 15. Rad1 {1-0 (33) Bejatovic,B (1891)-Mbalenhie,C Khanty-Mansiysk 2010}) 13. e4 dxe4 $1 14. dxe4 Bg6 15. Qc4 {[#] Hoping for e5.} Ng4 16. h3 $36 {[%mdl 2048] Black is under pressure.} Ne5 17. Nxe5 Bxe5 18. Bxe5 Qxd2 19. Bc3 Qf4 {[%cal Re8e4]} 20. f3 Rad8 21. Rad1 Qg5 22. Rd4 a6 23. Red1 {Threatens to win with f4!} Qe7 24. Qd3 {[%cal Rd4d8]} Rxd4 25. Qxd4 {[%csl Gc3][%cal Rd4g7] [#]} f6 26. Bb4 Qc7 27. Bd6 Qa5 28. a4 Bf7 29. Bb4 Qc7 30. Bd6 Qa5 31. Bb4 Qc7 32. Qc3 Rd8 33. Rxd8+ Qxd8 34. e5 Qd1+ 35. Kh2 Qd8 36. Bd6 Bd5 37. b4 Qd7 38. a5 Qe6 39. Qd4 h6 40. h4 Kh8 {The position is equal.} 41. Qg4 Qxg4 42. fxg4 fxe5 43. Bxe5 Kg8 44. h5 Kh7 45. Kh3 g5 46. Kg3 {Accuracy: White = 47%, Black = 56%.} 1/2-1/2

[Event "Nordic-chT Scholastic 2019"]
[Site "Stockholm"]
[Date "2019.09.06"]
[Round "1.7"]
[White "Kraemmer, Kischichiro"]
[Black "Heidarsson, Arnar Milutin"]
[Result "0-1"]
[WhiteElo "1591"]
[BlackElo "1756"]
[Annotator "NA"]
[PlyCount "80"]
[EventDate "2019.09.05"]
[EventType "team-tourn"]
[EventCountry "SWE"]
[SourceTitle "playchess.com"]
[Source "ChessBase"]
[SourceQuality "1"]
[TimeControl "5400+30"]

1. d4 {[%emt 0:00:00]} Nf6 {[%emt 0:00:00]} 2. Nf3 {[%emt 0:00:19]} e6 {[%emt 0:00:33]} 3. c4 {[%emt 0:00:24]} b6 {[%emt 0:00:07]} 4. Nc3 {[%emt 0:00:40]} Bb4 {[%emt 0:00:47]} 5. Bg5 {[%emt 0:00:34]} Bb7 {[%emt 0:02:26]} 6. e3 {[%emt 0:00:38]} O-O {[%emt 0:01:58]} 7. Bd3 {[%emt 0:01:07]} d6 {[%emt 0:10:07]} 8. O-O {[%emt 0:00:57]} Bxc3 {[%emt 0:00:26]} 9. bxc3 {[%emt 0:00:09]} Nbd7 {[%emt 0:00:34]} 10. Rb1 {[%emt 0:05:56]} e5 {[%emt 0:13:22]} 11. e4 {[%emt 0:11:28]} Qe8 {[%emt 0:02:58]} 12. Re1 {[%emt 0:00:58]} h6 {[%emt 0:06:07]} 13. Bh4 {[%emt 0:02:07]} c5 {[%emt 0:17:25]} 14. d5 {[%emt 0:06:53]} Bc8 {[%emt 0:01:04]} 15. h3 {[%emt 0:04:21]} Nh5 {[%emt 0:06:22]} 16. Nd2 {[%emt 0:05:15]} Nf4 {[%emt 0:01:26]} 17. Be2 {[%emt 0:01:06]} Kh8 {[%emt 0:07:32]} 18. Bg4 {[%emt 0:05:43]} Nf6 {[%emt 0:02:41]} 19. Bf3 {[%emt 0:08:37]} Bd7 {[%emt 0:02:48]} 20. Bg3 {[%emt 0:02:32]} g5 {[%emt 0:00:54]} 21. Kh2 {[%emt 0:09:25]} Rg8 {[%emt 0:00:45]} 22. Bxf4 {[%emt 0:03:18]} gxf4 {[%emt 0:01:57]} 23. Rg1 {[%emt 0:07:17]} Qe7 {[%emt 0:01:48]} 24. Qe2 {[%emt 0:02:44]} Nh7 {[%emt 0:04:28]} 25. g4 {[%emt 0:07:57]} Qh4 {[%emt 0:02:22]} 26. Rh1 {[%emt 0:02:50]} Ng5 {[%emt 0:02:16]} 27. Kg2 {[%emt 0:01:21]} Rg7 {[%emt 0:01:22]} 28. Rh2 {[%emt 0:01:23]} Rag8 {[%emt 0:00:26]} 29. Rbh1 {[%emt 0:00:52]} Nh7 {[%emt 0:00:36]} 30. Kf1 {[%emt 0:00:42]} Qd8 {[%emt 0:01:44]} 31. Bg2 {[%emt 0:03:39]} Qc8 {[%emt 0:00:20]} 32. Nb3 {[%emt 0:00:50]} Qa6 {[%emt 0:00:29]} 33. Ke1 {[%emt 0:01:50]} Rb8 {[%emt 0:00:50]} 34. f3 {[%emt 0:01:05]} b5 {[%emt 0:00:32]} 35. cxb5 {[%emt 0:00:38]} Bxb5 {[%emt 0:00:08]} 36. Qd2 {[%emt 0:00:22]} Qa3 {[%emt 0:02:35]} 37. Bf1 {[%emt 0:00:50]} Ng5 {[%emt 0:02:51]} 38. Rf2 {[%emt 0:01:33]} Bxf1 {[%emt 0:02:01]} 39. Kxf1 {[%emt 0:00:08]} c4 {[%emt 0:00:24]} 40. Nc1 {[%emt 0:00:02]} Rb1 {[%emt 0:00:00]} 0-1

[Event "Nordic-chT Scholastic 2019"]
[Site "Stockholm"]
[Date "2019.09.06"]
[Round "1.9"]
[White "Olsen, William Alexander"]
[Black "Burgaard, Kristian Gade"]
[Result "1-0"]
[WhiteElo "1800"]
[BlackElo "1586"]
[Annotator "NA RC"]
[PlyCount "89"]
[EventDate "2019.09.05"]
[EventType "team-tourn"]
[EventCountry "SWE"]
[SourceTitle "playchess.com"]
[Source "ChessBase"]
[SourceQuality "1"]
[TimeControl "5400+30"]

1. Nf3 {[%emt 0:00:00]} c5 {[%emt 0:00:00]} 2. c4 {[%emt 0:00:00]} Nc6 {[%emt 0:00:00]} 3. g3 {[%emt 0:00:00]} Nf6 {[%emt 0:00:06]} 4. Bg2 {[%emt 0:00:13]} d6 {[%emt 0:00:18]} 5. Nc3 {[%emt 0:00:20]} e6 {[%emt 0:00:25]} 6. O-O {[%emt 0:04:16]} Be7 {[%emt 0:00:17]} 7. e4 {[%emt 0:02:43]} a6 {[%emt 0:02:15]} 8. d4 {[%emt 0:02:00]} cxd4 {[%emt 0:00:52]} 9. Nxd4 {[%emt 0:00:40]} Bd7 {[%emt 0:03:07]} 10. Be3 {[%emt 0:02:53]} O-O {[%emt 0:03:21]} 11. Rc1 {[%emt 0:03:49]} Qb8 {[%emt 0:05:17]} 12. h3 {[%emt 0:07:23]} Rc8 {[%emt 0:06:24]} 13. b3 {[%emt 0:04:31]} b6 {[%emt 0:06:42]} 14. g4 {[%emt 0:03:47]} Ra7 {[%emt 0:04:38]} 15. g5 {[%emt 0:03:11]} Ne8 {[%emt 0:02:46]} 16. f4 {[%emt 0:01:44]} g6 {[%emt 0:04:18]} 17. h4 {[%emt 0:01:15]} Ng7 {[%emt 0:04:42]} 18. Qe2 {[%emt 0:02:00]} Rac7 {[%emt 0:03:00]} 19. Qb2 {[%emt 0:08:30]} Na7 {[%emt 0:05:10]} 20. f5 {[%emt 0:02:17]} exf5 {[%emt 0:07:43]} 21. Nd5 {[%emt 0:00:22]} Bf8 {[%emt 0:07:55]} 22. Nxc7 {[%emt 0:00:35]} Rxc7 {[%emt 0:01:37]} 23. Qf2 {[%emt 0:01:03]} b5 {[%emt 0:03:54]} 24. exf5 {[%emt 0:01:52]} Nxf5 {[%emt 0:02:11]} 25. Nxf5 {[%emt 0:00:27]} Bxf5 {[%emt 0:00:03]} 26. Bb6 {[%emt 0:01:49]} Rd7 {[%emt 0:04:19]} 27. Rcd1 {[%emt 0:01:59]} bxc4 {[%emt 0:06:14]} 28. bxc4 {[%emt 0:00:14]} Nc8 {[%emt 0:01:10]} 29. Bd4 {[%emt 0:01:18]} Ne7 {[%emt 0:03:56]} 30. c5 {[%emt 0:00:55]} dxc5 {[%emt 0:02:26]} 31. Bxc5 {[%emt 0:00:17]} Rxd1 {[%emt 0:02:44]} 32. Rxd1 {[%emt 0:00:14]} Qe5 {[%emt 0:04:06]} 33. Re1 {[%emt 0:00:34]} Qc7 {[%emt 0:00:19]} 34. Kh1 {[%emt 0:01:03]} Be6 {[%emt 0:01:31]} 35. Bd4 {[%emt 0:01:40]} Nf5 {[%emt 0:00:24]} 36. Be5 {[%emt 0:02:40]} Qc4 {[%emt 0:01:24]} 37. Re2 {[%emt 0:00:54]} Qxh4+ {[%emt 0:00:37]} 38. Qxh4 {[%emt 0:00:01]} Nxh4 {[%emt 0:00:01]} 39. Bb7 {[%emt 0:00:21]} a5 {[%emt 0:01:53]} 40. Bc3 {[%emt 0:00:29]} Nf5 {[%emt 0:00:30]} 41. Rb2 {[%emt 0:00:52]} a4 {[%emt 0:00:39]} 42. Bc6 {[%emt 0:01:00]} h6 {[%emt 0:00:44]} 43. gxh6 {[%emt 0:00:50]} Bxh6 {[%emt 0:00:16]} 44. Rb8+ {[%emt 0:01:26]} Kh7 {[%emt 0:00:27]} 45. Rh8# 1-0

[Event "Nordic-chT Scholastic 2019"]
[Site "Stockholm"]
[Date "2019.09.06"]
[Round "1.10"]
[White "Elmi, Saad Abobaker"]
[Black "Heiberg, Clara"]
[Result "*"]
[WhiteElo "1620"]
[BlackElo "1483"]
[Annotator "NA RC"]
[PlyCount "44"]
[EventDate "2019.09.05"]
[EventType "team-tourn"]
[EventCountry "SWE"]
[SourceTitle "playchess.com"]
[Source "ChessBase"]
[SourceQuality "1"]
[TimeControl "5400+30"]

1. e4 {[%emt 0:00:00]} e5 {[%emt 0:00:00]} 2. Nf3 {[%emt 0:00:00]} Nc6 {[%emt 0:00:00]} 3. Bb5 {[%emt 0:00:00]} a6 {[%emt 0:00:00]} 4. Ba4 {[%emt 0:00:00]} Nf6 {[%emt 0:00:06]} 5. O-O {[%emt 0:00:19]} b5 {[%emt 0:00:41]} 6. Bb3 {[%emt 0:00:07]} Be7 {[%emt 0:00:08]} 7. Re1 {[%emt 0:00:30]} d6 {[%emt 0:00:18]} 8. h3 {[%emt 0:02:44]} O-O {[%emt 0:00:37]} 9. c3 {[%emt 0:00:31]} Na5 {[%emt 0:01:09]} 10. Bc2 {[%emt 0:00:27]} c5 {[%emt 0:00:29]} 11. d4 {[%emt 0:01:34]} cxd4 {[%emt 0:00:41]} 12. cxd4 {[%emt 0:00:49]} Qc7 {[%emt 0:00:19]} 13. Nbd2 {[%emt 0:01:39]} Bb7 {[%emt 0:00:27]} 14. d5 {[%emt 0:00:52]} Rac8 {[%emt 0:00:13]} 15. Bb3 {[%emt 0:02:10]} Nd7 {[%emt 0:00:47]} 16. a3 {[%emt 0:02:35]} Nxb3 {[%emt 0:00:20]} 17. Nxb3 {[%emt 0:01:11]} f5 {[%emt 0:00:08]} 18. Nbd2 {[%emt 0:01:18]} f4 {[%emt 0:00:34]} 19. Nf1 {[%emt 0:00:49]} Qc2 {[%emt 0:00:16]} 20. N1h2 {[%emt 0:02:06]} Rc7 {[%emt 0:00:42]} 21. b4 {[%emt 0:04:07]} Nb6 {[%emt 0:00:27]} 22. Qd2 {[%emt 0:02:08]} Rfc8 {[%emt 0:00:44]} *

[Event "Nordic-chT Scholastic 2019"]
[Site "Stockholm"]
[Date "2019.09.06"]
[Round "1.10"]
[White "Heiberg, Clara"]
[Black "Elmi, Saad Abobaker"]
[Result "0-1"]
[WhiteElo "1483"]
[BlackElo "1620"]
[Annotator "NA RC"]
[PlyCount "77"]
[EventDate "2019.09.05"]
[EventType "team-tourn"]
[EventCountry "SWE"]
[SourceTitle "playchess.com"]
[Source "ChessBase"]
[SourceQuality "1"]
[TimeControl "5400+30"]

1. e4 {[%emt 0:00:00]} e5 {[%emt 0:00:00]} 2. Nf3 {[%emt 0:00:00]} Nc6 {[%emt 0:00:00]} 3. Bb5 {[%emt 0:00:00]} a6 {[%emt 0:00:00]} 4. Ba4 {[%emt 0:00:00]} Nf6 {[%emt 0:00:06]} 5. O-O {[%emt 0:00:19]} b5 {[%emt 0:00:41]} 6. Bb3 {[%emt 0:00:07]} Be7 {[%emt 0:00:08]} 7. Re1 {[%emt 0:00:30]} d6 {[%emt 0:00:18]} 8. h3 {[%emt 0:02:44]} O-O {[%emt 0:00:37]} 9. c3 {[%emt 0:00:31]} Na5 {[%emt 0:01:09]} 10. Bc2 {[%emt 0:00:27]} c5 {[%emt 0:00:29]} 11. d4 {[%emt 0:01:34]} cxd4 {[%emt 0:00:41]} 12. cxd4 {[%emt 0:00:49]} Qc7 {[%emt 0:00:19]} 13. Nbd2 {[%emt 0:01:39]} Bb7 {[%emt 0:00:27]} 14. d5 {[%emt 0:00:52]} Rac8 {[%emt 0:00:13]} 15. Bb3 {[%emt 0:02:10]} Nd7 {[%emt 0:00:47]} 16. a3 {[%emt 0:02:35]} Nxb3 {[%emt 0:00:20]} 17. Nxb3 {[%emt 0:01:11]} f5 {[%emt 0:00:08]} 18. Nbd2 {[%emt 0:01:18]} f4 {[%emt 0:00:34]} 19. Nf1 {[%emt 0:00:49]} Qc2 {[%emt 0:00:16]} 20. N1h2 {[%emt 0:02:06]} Rc7 {[%emt 0:00:42]} 21. b4 {[%emt 0:04:07]} Nb6 {[%emt 0:00:27]} 22. Qd2 {[%emt 0:02:08]} Rfc8 {[%emt 0:00:44]} 23. Ng4 {[%emt 0:03:40]} h5 {[%emt 0:01:02]} 24. Ngh2 {[%emt 0:00:26]} Rc4 {[%emt 0:00:49]} 25. Qxc2 {[%emt 0:01:23]} Rxc2 {[%emt 0:00:08]} 26. Bd2 {[%emt 0:00:14]} Nc4 {[%emt 0:00:19]} 27. Red1 {[%emt 0:02:00]} Kf8 {[%emt 0:00:43]} 28. g3 {[%emt 0:05:37]} g5 {[%emt 0:00:55]} 29. gxf4 {[%emt 0:02:09]} gxf4 {[%emt 0:01:38]} 30. Bc1 {[%emt 0:02:05]} Kf7 {[%emt 0:00:35]} 31. Nd2 {[%emt 0:00:47]} Rg8+ {[%emt 0:00:26]} 32. Kf1 {[%emt 0:00:39]} Bc8 {[%emt 0:00:46]} 33. Nhf3 {[%emt 0:02:32]} Bxh3+ {[%emt 0:01:08]} 34. Ke1 {[%emt 0:00:57]} Bg4 {[%emt 0:00:46]} 35. Ke2 {[%emt 0:08:59]} Rc3 {[%emt 0:00:40]} 36. Ra2 {[%emt 0:08:48]} Nxd2 {[%emt 0:00:14]} 37. Kxd2 {[%emt 0:01:28]} Rxf3 {[%emt 0:00:12]} 38. Ke1 {[%emt 0:01:20]} Rh3 {[%emt 0:00:17]} 39. Rd3 0-1